Into the silk / (Record no. 4097)
[ view plain ]
| 000 -LEADER | |
|---|---|
| fixed length control field | nam a22 7a 4500 |
| 005 - DATE AND TIME OF LATEST TRANSACTION | |
| control field | 20170525110234.0 |
| 008 - FIXED-LENGTH DATA ELEMENTS--GENERAL INFORMATION | |
| fixed length control field | 170525b1958 ny ||||| |||| 00| 0 eng d |
| 040 ## - CATALOGING SOURCE | |
| Original cataloging agency | AKMAL |
| 082 ## - DEWEY DECIMAL CLASSIFICATION NUMBER | |
| Classification number | 910.4 MAC |
| 090 ## - LOCALLY ASSIGNED LC-TYPE CALL NUMBER (OCLC); LOCAL CALL NUMBER (RLIN) | |
| Classification number (OCLC) (R) ; Classification number, CALL (RLIN) (NR) | 910.4 |
| Local cutter number (OCLC) ; Book number/undivided call number, CALL (RLIN) | MAC |
| 100 1# - MAIN ENTRY--PERSONAL NAME | |
| Personal name | Mackersey, Ian, |
| Dates associated with a name | 1925- [from old catalog] |
| 9 (RLIN) | 8018 |
| 245 10 - TITLE STATEMENT | |
| Title | Into the silk / |
| Statement of responsibility, etc. | Ian Mackersey |
| 260 ## - PUBLICATION, DISTRIBUTION, ETC. | |
| Place of publication, distribution, etc. | New York, |
| Name of publisher, distributor, etc. | Norton |
| Date of publication, distribution, etc. | [1958] |
| 300 ## - PHYSICAL DESCRIPTION | |
| Extent | 251 p. |
| Other physical details | illus. |
| Dimensions | 22 cm |
| 610 20 - SUBJECT ADDED ENTRY--CORPORATE NAME | |
| Corporate name or jurisdiction name as entry element | Caterpillar Club. [from old catalog] |
| 9 (RLIN) | 8019 |
| 942 ## - ADDED ENTRY ELEMENTS (KOHA) | |
| Source of classification or shelving scheme | |
| Koha item type | Book |
| Withdrawn status | Lost status | Source of classification or shelving scheme | Damaged status | Not for loan | Collection code | Home library | Current library | Shelving location | Date acquired | Inventory number | Total Checkouts | Full call number | Barcode | Date last seen | Price effective from | Koha item type |
|---|---|---|---|---|---|---|---|---|---|---|---|---|---|---|---|---|
| FICTION | AKMAL Melaka | AKMAL Melaka | PINJAMAN | 25.05.2017 | 900114 | 910.4 MAC | 201705229 | 25.05.2017 | 25.05.2017 | Book |
